000 00814nam a2200229Ii 4500
003 JO-AjNU
008 230605s9999||||xx |||||||||||||| ||und||
017 _a2012/10/4009
020 _a978-9957-568-07-8
040 _aJO-AjNU
_bara
_erda
_cJO-AjNU
041 _aara
050 1 4 _aPJ7852.A36.B3356 2013
100 3 _aتأليف هدى،نادر ؛ إعداد وتقديم هادي نهر,
_eauthor
_949296
245 0 0 _aالبحر وأعياله: الشاعر نادر هدى بعيون مغاربية
250 _aط1
264 3 1 _aعمان:دار البيروتي للنشر والتوزيع،2013
300 _a372ص
336 _atext
_btxt
_2rdacontent
337 _aunmediated
_bn
_2rdamedia
338 _avolume
_bnc
_2rdacarrier
650 4 _aالشعر العربي - تحليل ونقد 
_949297
999 _aA21643
_c25211
_d25211